| 000 | 00758cam a22002531 4500 | ||
|---|---|---|---|
| 001 | sa 68002903 | ||
| 003 | DLC | ||
| 005 | 20260227112447.0 | ||
| 008 | 830810s1966 ii 000 0 tamx | ||
| 010 | _asa 68002903 | ||
| 020 | _cRs3 | ||
| 025 | _aPL480:I-T-1964 | ||
| 035 | _a(OCoLC)21528547 | ||
| 040 |
_aDLC _cNN _dDLC |
||
| 050 | 0 | 0 |
_aPL4758.2 _b.B3 |
| 100 | 1 |
_aPālacuppiramaṇiyan̲, Ci., _d1935-1998. |
|
| 245 | 1 | 0 |
_aVāl̲aiyaṭi vāl̲ai. _c[El̲utiyavar] Ci. Pālacuppiramaṇiyan̲. |
| 250 | _a[1. patippu] | ||
| 260 |
_aCen̲n̲ai, _bvir̲pan̲ai urimai: Pāri Nilaiyam _c[1966] |
||
| 300 |
_a172 p. _c18 cm. |
||
| 490 | 0 | _aNar̲umalarp Patippaka veḷiyīṭu | |
| 500 | _aIn Tamil. | ||
| 650 | 0 |
_aTamil poetry _xHistory and criticism. |
|
| 999 |
_c79075 _d79075 |
||